=LDR 00000nam 2200000 4500 =001 INLIS000000000039782 =005 20130612145405 =008 ***********************************INd** =035 ##$$0010-061300000039782 =041 ##$$a INd =082 ##$$a 641.8 =090 ##$$a 641.8, Che s.2 =100 ##$$a Chendrawati =245 ##$$a sjian mie populer, Chendfrawati =260 ##$$a 2008 $b Jakarta =300 ##$$a 72 hlm, ilus, 21 cm =700 ##$$a Intarina hardiman =850 ##$$a NBPNMAT